| 000 | 00488nam a2200193Ia 4500 | ||
|---|---|---|---|
| 005 | 20250603144657.0 | ||
| 008 | 250603s9999 xx 000 0 und d | ||
| 020 | _a9780273729525 | ||
| 050 | _aTA 158.5 .D38/ | ||
| 100 | _aDavies, John W. | ||
| 245 | 0 | _aCommunication skills : a guide for engineering and applied science students | |
| 250 | _a2nd ed. | ||
| 260 | _aHarlow | ||
| 260 | _bPearson Education | ||
| 260 | _c2011 | ||
| 300 | _a171 p | ||
| 650 | _aHarlow | ||
| 942 | _cBK | ||
| 999 |
_c39627 _d39627 |
||